000 02802cam a2200301 4500500
005 20250121200442.0
041 _afre
042 _adc
100 1 0 _aFabre, Nicole
_eauthor
245 0 0 _aL’imaginaire érotique en séance
260 _c2017.
500 _a7
520 _aNous définirons en premier lieu l’imaginaire en nous référant à Gaston Bachelard ; et l’érotique comme ce qui, plutôt que de chercher à assouvir le désir, vise à créer le désir chez l’autre et l’excitation en soi-même. Puis nous aborderons l’imaginaire érotique tel qu’il s’est développé dans deux cures. Dans un premier fragment nous assistons à l’émergence du refoulé et au renouvellement de la vie grâce à un rêve-éveillé en séance où l’imaginaire érotique a joué un rôle essentiel. Dans un deuxième fragment nous verrons comment le jeu du transfert pris en charge par le rêve-éveillé sur un mode fortement érotisé a restitué au patient sa capacité de désir.
520 _aFirst, we will define the imaginary in reference to Gaston Bachelard; and the erotic as something that aims at creating desire for the other and excitement within ourself, rather than trying to satiate our desire. Then we will address the erotic imaginary as developed through two different treatments. With the first, we witness the emergence of what was repressed and the renewing of life through sessions of rêve-éveillé in which the erotic imaginary played an essential part. With the second, we will see how the transfer game was supported by a strongly erotized rêve-éveillé and gave back to the patient his ability to desire.
520 _aPrima, definiremo l’immaginario, riferendoci a Gaston Bachelard, e l’erotico come quello che mira a creare il desiderio dall’altro e l’eccitamento en se stessi piuttosto che a cercare di assopire il desiderio. Affronteremo poi l’immaginario erotico come si è sviluppato in due cure. In una prima parte assistiamo all’emergere del remoto e al rinnovare della vita grazie a un rêve-éveillé in seduta in cui l’immaginario erotico ha avuto un ruolo essenziale. In una seconda parte, vedremo come il gioco del transfert assunto dal rêve-éveillé in un modo molto erotizzato, ha restituito al paziente la sua capacità di desiderio.
690 _arêve-éveillé
690 _arefoulement
690 _adésir
690 _atransfert
690 _aimaginaire érotique
690 _aErotic imaginary
690 _arepression
690 _adesire
690 _arêve-éveillé
690 _atransfer
786 0 _nImaginaire & Inconscient | 38 | 2 | 2017-02-15 | p. 29-37 | 1628-9676
856 4 1 _uhttps://shs.cairn.info/revue-imaginaire-et-inconscient-2016-2-page-29?lang=fr&redirect-ssocas=7080
999 _c672879
_d672879